=LDR 00000nam 2200000 4500 =001 INLIS000000000005397 =005 20251015093050 =035 ##$$a 0010-1025000452 =007 ta =008 251015###########################0#ind## =082 ##$$a 320.5 =084 ##$$a 320.5 BAD f =100 #$$a Badan Koordinasi Keluarga Berencana Nasional =245 1#$$a Fungsi Ideologi /$c Badan Koordinasi Keluarga Berencana Nasional =260 ##$:$b Badan Koordinasi Keluarga Berencana Nasional =300 ##$$a 10 Hal : $b Ilus ; $c 21 =650 #4$$a Keluarga Berencana =856 ##$$a Perpustakaan Kemendukbangga